[Event "CZECH OPEN 2011 "]
[Site "Pardubice (CZE)"]
[Date "2011.07.28"]
[Round "7.21"]
[White "Haba, Petr"]
[Black "Talla, Vladimir"]
[Result "1/2-1/2"]
[WhiteElo "2504"]
[BlackElo "2427"]
[PlyCount "49"]
[EventDate "2011.07.22"]

1. d4 Nf6 2. c4 g6 3. Nc3 Bg7 4. e4 d6 5. f3 O-O 6. Be3 c5 7. dxc5 dxc5 8. Qxd8
Rxd8 9. Bxc5 Nc6 10. Nge2 b6 11. Ba3 a5 12. Nd5 Nxd5 13. cxd5 Nb4 14. O-O-O e6
15. Nc3 exd5 16. Bxb4 axb4 17. Nxd5 b3 18. Kb1 Be6 19. axb3 Bxd5 20. exd5 Ra5
21. Bc4 b5 22. Be2 Rda8 23. Rhf1 Ra1+ 24. Kc2 R1a2 25. Bxb5 1/2-1/2

[Event "CZECH OPEN 2011 "]
[Site "Pardubice (CZE)"]
[Date "2011.07.28"]
[Round "7.23"]
[White "Gutman, Gennadi"]
[Black "Abel, Dennes"]
[Result "1/2-1/2"]
[WhiteElo "2501"]
[BlackElo "2418"]
[PlyCount "40"]
[EventDate "2011.07.22"]

1. d4 Nf6 2. Nf3 g6 3. c4 Bg7 4. Nc3 d5 5. cxd5 Nxd5 6. e4 Nxc3 7. bxc3 c5 8.
Be3 O-O 9. Rc1 cxd4 10. cxd4 Qa5+ 11. Qd2 Qxd2+ 12. Kxd2 Rd8 13. Bc4 Nc6 14. d5
Na5 15. Rhd1 Nxc4+ 16. Rxc4 f5 17. Ke1 fxe4 18. Rxe4 Bf6 19. g4 b5 20. Ne5 Bb7
1/2-1/2

[Event "CZECH OPEN 2011 "]
[Site "Pardubice (CZE)"]
[Date "2011.07.28"]
[Round "7.25"]
[White "Krapivin, Vladislav"]
[Black "Arun Prasad, S."]
[Result "0-1"]
[WhiteElo "2354"]
[BlackElo "2489"]
[PlyCount "92"]
[EventDate "2011.07.22"]

1. e4 c5 2. Nc3 d6 3. g3 Nc6 4. Bg2 g6 5. d3 Bg7 6. f4 e6 7. Nf3 Nge7 8. O-O
O-O 9. Be3 Rb8 10. Rb1 Nd4 11. e5 Nef5 12. Bf2 b6 13. exd6 Qxd6 14. Ne4 Qc7 15.
Ne5 Bb7 16. g4 Ne7 17. c3 Ndc6 18. Nxc6 Bxc6 19. Bg3 f5 20. gxf5 exf5 21. Ng5
Bxg2 22. Kxg2 h6 23. Nf3 Nd5 24. Qd2 Rbd8 25. Rbe1 g5 26. Ne5 Rfe8 27. d4 Bxe5
28. Rxe5 Rxe5 29. fxe5 f4 30. Bf2 Qc6 31. Kg1 c4 32. Qe2 b5 33. e6 Re8 34. Re1
Ne3 35. Bxe3 Qxe6 36. Qh5 fxe3 37. d5 Qf7 38. Qxf7+ Kxf7 39. Kg2 Re5 40. Kf3
Rxd5 41. Rxe3 Rd2 42. h4 gxh4 43. Kg4 Rxb2 44. Re5 a6 45. a4 Rg2+ 46. Kxh4 Rg5
0-1

[Event "CZECH OPEN 2011 "]
[Site "Pardubice (CZE)"]
[Date "2011.07.28"]
[Round "7.28"]
[White "Kjartansson, Gudmundur"]
[Black "Gavrilov, Alexei"]
[Result "0-1"]
[WhiteElo "2310"]
[BlackElo "2481"]
[PlyCount "60"]
[EventDate "2011.07.22"]

1. d4 d5 2. c4 e6 3. Nc3 Be7 4. cxd5 exd5 5. Bf4 Nf6 6. e3 c6 7. Bd3 Bg4 8. Qc2
Bh5 9. Nge2 Bg6 10. Ng3 Na6 11. a3 Bxd3 12. Qxd3 Nc7 13. Nf5 Ne6 14. Be5 O-O
15. f3 Re8 16. O-O Bf8 17. e4 g6 18. Ne3 dxe4 19. Qd1 Bh6 20. Nc4 e3 21. f4 Nd5
22. f5 Nef4 23. Qf3 e2 24. Rfe1 f6 25. Nxd5 Nxd5 26. Bg3 b5 27. fxg6 bxc4 28.
gxh7+ Kh8 29. Rxe2 Rxe2 30. Qxe2 c3 0-1

[Event "CZECH OPEN 2011 "]
[Site "Pardubice (CZE)"]
[Date "2011.07.28"]
[Round "7.29"]
[White "Gundavaa, Bayarsaikhan"]
[Black "Rojicek, Vojtech"]
[Result "1/2-1/2"]
[WhiteElo "2480"]
[BlackElo "2396"]
[PlyCount "57"]
[EventDate "2011.07.22"]

1. e4 c5 2. Nf3 Nc6 3. d4 cxd4 4. Nxd4 Nf6 5. Nc3 d6 6. Bg5 e6 7. Qd2 Be7 8.
O-O-O a6 9. f3 O-O 10. Be3 Nxd4 11. Qxd4 b5 12. Kb1 Bb7 13. g4 Nd7 14. h4 Ne5
15. Be2 Rc8 16. g5 Qa5 17. Qa7 Qc7 18. a3 Nc6 19. Qb6 Qxb6 20. Bxb6 Ne5 21. Bd4
Nc4 22. Ka2 Rc7 23. Rd3 Rfc8 24. Rc1 Kf8 25. Rg1 Ne5 26. Rd2 Nc4 27. Rd3 Ne5
28. Rd2 Nc4 29. Rd3 1/2-1/2

[Event "CZECH OPEN 2011 "]
[Site "Pardubice (CZE)"]
[Date "2011.07.28"]
[Round "7.31"]
[White "Kanovsky, David"]
[Black "Geske, Julian"]
[Result "0-1"]
[WhiteElo "2478"]
[BlackElo "2337"]
[PlyCount "53"]
[EventDate "2011.07.22"]

1. b3 e5 2. Bb2 Nc6 3. e3 Nf6 4. Bb5 Bd6 5. Na3 Na5 6. Nf3 e4 7. Nd4 O-O 8. Nf5
Bc5 9. Nxg7 Bxa3 10. Bxa3 Kxg7 11. Bb2 d5 12. g4 Kg8 13. g5 Ne8 14. Bxe8 Rxe8
15. Qh5 Qd6 16. O-O-O Nc6 17. f4 d4 18. Rhg1 Qd5 19. exd4 Nxd4 20. c4 Qc5 21.
Qh6 Re6 22. g6 Rxg6 23. Rxg6+ fxg6 24. Rg1 Bf5 25. Rg5 Rd8 26. Qh4 Qd6 27. Rg2
0-1

[Event "CZECH OPEN 2011 "]
[Site "Pardubice (CZE)"]
[Date "2011.07.28"]
[Round "7.1"]
[White "Stefansson, Hannes"]
[Black "Chernyshov, Konstantin"]
[Result "1-0"]
[WhiteElo "2546"]
[BlackElo "2552"]
[PlyCount "47"]
[EventDate "2011.07.22"]

1. d4 e6 2. c4 b6 3. e4 Bb7 4. Bd3 Bb4+ 5. Bd2 Bxd2+ 6. Nxd2 Qf6 7. Ngf3 Nc6 8.
e5 Qf4 9. Nb3 f6 10. exf6 Nxf6 11. O-O O-O 12. Qd2 Nh5 13. Rfe1 a5 14. Re3 Qh6
15. Be4 Nf4 16. d5 exd5 17. Bxd5+ Kh8 18. Be4 Rad8 19. Nbd4 Nxd4 20. Qxd4 c5
21. Qd2 Bxe4 22. Rxe4 d5 23. cxd5 Rxd5 24. Rxf4 1-0

[Event "CZECH OPEN 2011 "]
[Site "Pardubice (CZE)"]
[Date "2011.07.28"]
[Round "7.2"]
[White "Shanava, Konstantine"]
[Black "Kononenko, Dmitry"]
[Result "1/2-1/2"]
[WhiteElo "2535"]
[BlackElo "2593"]
[PlyCount "23"]
[EventDate "2011.07.22"]

1. e4 c5 2. Nf3 Nc6 3. d4 cxd4 4. Nxd4 Nf6 5. Nc3 d6 6. Bc4 Bd7 7. O-O g6 8.
Nxc6 Bxc6 9. Bg5 Bg7 10. Nd5 Bxd5 11. exd5 O-O 12. Qe2 1/2-1/2

[Event "CZECH OPEN 2011 "]
[Site "Pardubice (CZE)"]
[Date "2011.07.28"]
[Round "7.3"]
[White "Jovanovic, Zoran"]
[Black "Stupak, Kirill"]
[Result "1/2-1/2"]
[WhiteElo "2577"]
[BlackElo "2530"]
[PlyCount "53"]
[EventDate "2011.07.22"]

1. e4 d5 2. exd5 Qxd5 3. Nf3 Bg4 4. Be2 Nc6 5. h3 Bxf3 6. Bxf3 Qd7 7. O-O O-O-O
8. c3 Ne5 9. d4 Nxf3+ 10. Qxf3 Nf6 11. Nd2 Qd5 12. Re1 e6 13. Qxd5 exd5 14. Nf3
Ne4 15. Ne5 Nd6 16. Bf4 f6 17. Nd3 Re8 18. Rxe8+ Nxe8 19. Re1 Kd7 20. g4 b6 21.
Kg2 Bd6 22. Bxd6 Nxd6 23. Nf4 c6 24. Nh5 Re8 25. Kf1 Rxe1+ 26. Kxe1 Ne8 27. Ke2
1/2-1/2

[Event "CZECH OPEN 2011 "]
[Site "Pardubice (CZE)"]
[Date "2011.07.28"]
[Round "7.5"]
[White "Petr, Martin"]
[Black "Zakhartsov, Viacheslav V"]
[Result "0-1"]
[WhiteElo "2523"]
[BlackElo "2578"]
[PlyCount "50"]
[EventDate "2011.07.22"]

1. e4 c5 2. Nf3 d6 3. d4 cxd4 4. Nxd4 Nf6 5. Nc3 a6 6. Be3 e5 7. Nb3 Be6 8. f3
Be7 9. Qd2 O-O 10. O-O-O a5 11. Bb5 Na6 12. Kb1 Nc7 13. Bb6 Qb8 14. a4 Nxb5 15.
Nxb5 Rc8 16. Nc3 Ra6 17. Be3 Rac6 18. g4 Rxc3 19. bxc3 b5 20. axb5 a4 21. Nd4
exd4 22. cxd4 d5 23. Ka1 dxe4 24. Rb1 Qd6 25. Qc1 Rxc2 0-1

[Event "CZECH OPEN 2011 "]
[Site "Pardubice (CZE)"]
[Date "2011.07.28"]
[Round "7.6"]
[White "Teske, Henrik"]
[Black "Jaracz, Pawel"]
[Result "1/2-1/2"]
[WhiteElo "2529"]
[BlackElo "2575"]
[PlyCount "40"]
[EventDate "2011.07.22"]

1. Nf3 Nf6 2. d4 e6 3. c4 b6 4. Bf4 Bb4+ 5. Nbd2 Bb7 6. a3 Be7 7. e3 c5 8. dxc5
bxc5 9. Bd3 d6 10. Qc2 Nc6 11. O-O O-O 12. Rfd1 h6 13. Bg3 Qb6 14. Nb1 Rfd8 15.
Nc3 Nh5 16. Bh4 Bxh4 17. Nxh4 Rab8 18. Nf3 Nf6 19. Rab1 Ba8 20. Bf1 a6 1/2-1/2

[Event "CZECH OPEN 2011 "]
[Site "Pardubice (CZE)"]
[Date "2011.07.28"]
[Round "7.7"]
[White "Arutinian, David"]
[Black "Michiels, Bart"]
[Result "1/2-1/2"]
[WhiteElo "2562"]
[BlackElo "2489"]
[PlyCount "67"]
[EventDate "2011.07.22"]

1. d4 d5 2. c4 c6 3. Nf3 Nf6 4. e3 e6 5. Bd3 Nbd7 6. Nbd2 Bd6 7. b3 b6 8. Bb2
Bb7 9. O-O O-O 10. Qe2 c5 11. Rad1 Qb8 12. cxd5 Nxd5 13. Ne4 Be7 14. dxc5 bxc5
15. Bb5 Rd8 16. Rd2 a6 17. Bd3 Bc6 18. Nc3 Nxc3 19. Bxc3 a5 20. Rb1 Bf6 21. Rc2
a4 22. Bxf6 gxf6 23. Rc3 axb3 24. axb3 f5 25. e4 f4 26. b4 Qd6 27. b5 Bb7 28.
Bc2 Ne5 29. g3 fxg3 30. hxg3 Nxf3+ 31. Qxf3 Qe5 32. b6 Rd4 33. Qe3 c4 34. Kh2
1/2-1/2

[Event "CZECH OPEN 2011 "]
[Site "Pardubice (CZE)"]
[Date "2011.07.28"]
[Round "7.8"]
[White "Simantsev, Mikhail"]
[Black "Maximov, Dmitry"]
[Result "0-1"]
[WhiteElo "2558"]
[BlackElo "2479"]
[PlyCount "64"]
[EventDate "2011.07.22"]

1. d4 Nf6 2. c4 g6 3. Nc3 Bg7 4. e4 d6 5. Nf3 O-O 6. h3 e5 7. d5 a5 8. g4 Na6
9. Be3 Nc5 10. Nd2 Ne8 11. Be2 f5 12. gxf5 gxf5 13. h4 Nf6 14. h5 Nfxe4 15.
Ndxe4 Nxe4 16. Nxe4 fxe4 17. Qd2 Kh8 18. O-O-O Bf5 19. Rdg1 Bf6 20. Rg3 b6 21.
Rhg1 Qd7 22. Qd1 Rg8 23. Bg4 Raf8 24. Bxf5 Qxf5 25. h6 Rg6 26. Qa4 Rxg3 27.
Rxg3 Bh4 28. Rg2 Qf3 29. Rh2 Bxf2 30. Rxf2 Qxe3+ 31. Rd2 Qxh6 32. Qd7 e3 0-1

[Event "CZECH OPEN 2011 "]
[Site "Pardubice (CZE)"]
[Date "2011.07.28"]
[Round "7.9"]
[White "Semcesen, Daniel"]
[Black "Panchanathan, Magesh Chandran"]
[Result "0-1"]
[WhiteElo "2480"]
[BlackElo "2556"]
[PlyCount "110"]
[EventDate "2011.07.22"]

1. c4 Nf6 2. Nc3 e5 3. Nf3 Nc6 4. d4 exd4 5. Nxd4 Bb4 6. g3 Bxc3+ 7. bxc3 Ne5
8. f4 Nxc4 9. e4 d5 10. exd5 Nd6 11. Bg2 O-O 12. O-O Re8 13. Qd3 Nde4 14. Re1
Qxd5 15. c4 Qa5 16. Bb2 Qb6 17. Bxe4 Rxe4 18. Rxe4 Bf5 19. Qb3 Bxe4 20. Qxb6
axb6 21. Nb5 Ne8 22. Be5 Rc8 23. Bxc7 Rxc7 24. Nxc7 Nxc7 25. a4 Kf8 26. Kf2 Bc6
27. a5 bxa5 28. Rxa5 Ke7 29. Ke3 Kd6 30. Kd4 Bd7 31. Ra7 Ne6+ 32. Kc3 Nc5 33.
Kd4 g6 34. Ra8 h5 35. Rb8 Be6 36. Rd8+ Kc6 37. Ra8 b6 38. Rf8 Nb3+ 39. Kc3 Na5
40. f5 gxf5 41. Rh8 Nxc4 42. Rxh5 Kc5 43. g4 Nd6 44. gxf5 Nxf5 45. Rh8 b5 46.
h4 b4+ 47. Kb2 Ne3 48. h5 Nc4+ 49. Kb3 Nb6+ 50. Kc2 b3+ 51. Kb2 Na4+ 52. Ka3 b2
53. Rb8 Bf5 54. Ka2 b1=Q+ 55. Rxb1 Nc3+ 0-1

[Event "CZECH OPEN 2011 "]
[Site "Pardubice (CZE)"]
[Date "2011.07.28"]
[Round "7.10"]
[White "Batchuluun, Tsegmed"]
[Black "Danin, Alexandre"]
[Result "0-1"]
[WhiteElo "2427"]
[BlackElo "2538"]
[PlyCount "146"]
[EventDate "2011.07.22"]

1. d4 d5 2. c4 c6 3. Nf3 Nf6 4. Nc3 dxc4 5. a4 e6 6. e3 c5 7. Bxc4 Nc6 8. O-O
cxd4 9. exd4 Be7 10. Re1 O-O 11. Bg5 Bd7 12. Qd2 Nb4 13. Rad1 Bc6 14. Ne5 Nfd5
15. Bxe7 Qxe7 16. Nxc6 bxc6 17. Ne4 Rfd8 18. a5 Rab8 19. Nc5 Qc7 20. Ra1 Qf4
21. Qxf4 Nxf4 22. Re4 Nfd5 23. Re2 Nc7 24. Rd1 Nb5 25. Red2 Nd6 26. b3 Nb7 27.
Nxb7 Rxb7 28. Kf1 Rbd7 29. Ke2 Kf8 30. Ke3 Ke7 31. f4 Nd5+ 32. Kf3 h5 33. g3
Kf6 34. h3 Ne7 35. Ke4 Nd5 36. Kf3 Ke7 37. Re1 g6 38. g4 hxg4+ 39. hxg4 Nc7 40.
Red1 g5 41. fxg5 Rg8 42. Rh1 Rxg5 43. Rh5 Rg8 44. Rc5 Rd6 45. g5 Rh8 46. Rg2
Rh3+ 47. Ke2 Nd5 48. Rg4 Kd7 49. Kf2 Rh2+ 50. Kg3 Rd2 51. g6 fxg6 52. Rxg6 Ne7
53. Rg7 R6xd4 54. Re5 Rxc4 55. bxc4 Kd6 56. Rh5 Nf5+ 57. Rxf5 exf5 58. Rxa7 Rd4
59. Rf7 Ke6 60. Rh7 Rxc4 61. a6 Ra4 62. a7 c5 63. Kf3 Ke5 64. Re7+ Kd5 65. Rd7+
Kc6 66. Rf7 Kb6 67. Ke3 Rxa7 68. Rxf5 Rd7 69. Rf2 Kb5 70. Rb2+ Ka4 71. Rc2 Kb4
72. Rb2+ Kc3 73. Rb8 Re7+ 0-1

[Event "CZECH OPEN 2011 "]
[Site "Pardubice (CZE)"]
[Date "2011.07.28"]
[Round "7.11"]
[White "Kovalev, Andrei"]
[Black "Baryshpolets, Andrey"]
[Result "1/2-1/2"]
[WhiteElo "2531"]
[BlackElo "2474"]
[PlyCount "118"]
[EventDate "2011.07.22"]

1. e4 e5 2. Nf3 Nc6 3. Bb5 Nf6 4. d3 d6 5. O-O g6 6. d4 Bd7 7. Re1 Bg7 8. Bxc6
Bxc6 9. dxe5 Nxe4 10. exd6 O-O 11. d7 f5 12. c3 Qxd7 13. Qxd7 Bxd7 14. Bf4 c5
15. Nbd2 Rad8 16. Be3 Nxd2 17. Nxd2 b6 18. Bg5 Bf6 19. h4 Kg7 20. Nf3 h6 21.
Rad1 Bc6 22. Bxf6+ Kxf6 23. b4 g5 24. hxg5+ hxg5 25. bxc5 bxc5 26. Rb1 g4 27.
Nh2 Rd3 28. Nf1 Rfd8 29. Rbc1 f4 30. Rc2 Rd1 31. Rxd1 Rxd1 32. Rd2 Rxd2 33.
Nxd2 Ke5 34. g3 fxg3 35. fxg3 Bd5 36. a3 Kd6 37. Kf2 c4 38. Ke3 Kc5 39. Kf4 Kb5
40. Ke5 Bg8 41. Kd4 a5 42. Nxc4 Bxc4 43. a4+ Kxa4 44. Kxc4 Ka3 45. Kd5 a4 46.
c4 Kb3 47. c5 a3 48. c6 a2 49. c7 a1=Q 50. c8=Q Qd1+ 51. Ke5 Qf3 52. Kd4 Qf2+
53. Kd3 Qxg3+ 54. Ke2 Qf3+ 55. Ke1 g3 56. Qc2+ Kb4 57. Qb2+ Kc5 58. Qc2+ Kd4
59. Qd3+ Kxd3 1/2-1/2

[Event "CZECH OPEN 2011 "]
[Site "Pardubice (CZE)"]
[Date "2011.07.28"]
[Round "7.12"]
[White "Vorobiov, Evgeny E"]
[Black "Tate, Alan"]
[Result "1-0"]
[WhiteElo "2574"]
[BlackElo "2342"]
[PlyCount "125"]
[EventDate "2011.07.22"]

1. d4 Nf6 2. c4 g6 3. Nc3 Bg7 4. e4 d6 5. Nf3 O-O 6. Be2 Nbd7 7. O-O e5 8. Be3
Re8 9. d5 Nh5 10. g3 Bf8 11. Ne1 Ng7 12. Nd3 f5 13. f3 Be7 14. Qd2 Nf6 15. Bh6
fxe4 16. fxe4 Ng4 17. Bxg4 Bxg4 18. Kg2 Qc8 19. Nf2 Bd7 20. h3 c5 21. g4 a6 22.
a4 b5 23. axb5 axb5 24. Nxb5 Bxb5 25. cxb5 Qb7 26. Qe2 Rxa1 27. Rxa1 Rb8 28.
Nd1 Qxb5 29. Qxb5 Rxb5 30. Ra7 Bf8 31. Bd2 Rb8 32. Bc3 Re8 33. Ne3 Re7 34. Ra8
Ne8 35. Nc4 Kf7 36. Kf3 Rc7 37. Na5 Be7 38. Rb8 Nf6 39. Ra8 Ne8 40. Ke3 Nf6 41.
Kd3 h6 42. Nc4 Rb7 43. Ra6 Ne8 44. Na5 Rd7 45. Bd2 Bg5 46. Bc3 Bd8 47. Nc4 Bf6
48. Rc6 Rd8 49. Bd2 Bg5 50. Ba5 Rd7 51. Bc3 Bf6 52. Rb6 Bg7 53. Bd2 Bf8 54. h4
Nf6 55. g5 hxg5 56. hxg5 Ne8 57. Bc3 Bg7 58. Kc2 Ke7 59. b4 cxb4 60. Bxb4 Rd8
61. Kb3 Rd7 62. Ka4 Rd8 63. Kb5 1-0

[Event "CZECH OPEN 2011 "]
[Site "Pardubice (CZE)"]
[Date "2011.07.28"]
[Round "7.13"]
[White "Smith, Axel"]
[Black "Stocek, Jiri"]
[Result "0-1"]
[WhiteElo "2465"]
[BlackElo "2596"]
[PlyCount "74"]
[EventDate "2011.07.22"]

1. e4 c5 2. Nf3 d6 3. d4 cxd4 4. Nxd4 Nf6 5. Nc3 a6 6. Be3 e6 7. f3 b5 8. Qd2
Nbd7 9. g4 b4 10. Na4 Nc5 11. Nxc5 dxc5 12. Nb3 Qc7 13. Qf2 Nd7 14. Nd2 Be7 15.
Nc4 O-O 16. Qg3 Qc6 17. O-O-O a5 18. Bf4 a4 19. Bd6 Bxd6 20. Qxd6 Qb7 21. Qe7
Qb8 22. Nd6 b3 23. cxb3 axb3 24. a3 Ne5 25. Nc4 Ra7 26. Qd6 Qxd6 27. Rxd6 Nxf3
28. Rc6 Rd7 29. Rxc5 Bb7 30. Na5 Bxe4 31. Bg2 Rfd8 32. Rc3 Nd4 33. Bxe4 Ne2+
34. Kb1 Rd1+ 35. Rc1 Nxc1 36. Rxd1 Rxd1 37. Ba8 Na2# 0-1

[Event "CZECH OPEN 2011 "]
[Site "Pardubice (CZE)"]
[Date "2011.07.28"]
[Round "7.14"]
[White "Grigoriants, Sergey"]
[Black "Simacek, Pavel"]
[Result "1-0"]
[WhiteElo "2566"]
[BlackElo "2470"]
[PlyCount "69"]
[EventDate "2011.07.22"]

1. e4 e5 2. Nf3 Nc6 3. Bb5 a6 4. Ba4 Nf6 5. O-O Nxe4 6. d4 b5 7. Bb3 d5 8. dxe5
Be6 9. Nbd2 Nc5 10. c3 Bg4 11. Bc2 Ne6 12. Re1 Bc5 13. Nf1 Ne7 14. Ng3 h5 15.
h3 h4 16. Nf1 Bh5 17. a4 b4 18. Be3 Bxe3 19. Nxe3 Rb8 20. Ng4 Bg6 21. Bxg6 Nxg6
22. Nd4 Ne7 23. Qd3 Nc5 24. Qe3 bxc3 25. bxc3 Ne6 26. Rad1 Qd7 27. c4 Rb4 28.
Nxe6 fxe6 29. Qg5 Nf5 30. cxd5 Qe7 31. Nf6+ Kf8 32. dxe6 Nd4 33. Nd7+ Ke8 34.
Qg6+ Kd8 35. Qe4 1-0

[Event "CZECH OPEN 2011 "]
[Site "Pardubice (CZE)"]
[Date "2011.07.28"]
[Round "7.82"]
[White "Vrana, Jan"]
[Black "Raum, Sebastian"]
[Result "1-0"]
[WhiteElo "2306"]
[BlackElo "2112"]
[PlyCount "119"]
[EventDate "2011.07.22"]

1. e4 c5 2. Nf3 Nf6 3. Nc3 Nc6 4. d4 d5 5. exd5 Nxd5 6. Nxd5 Qxd5 7. Be3 cxd4
8. Nxd4 a6 9. Be2 e5 10. Nxc6 Qxc6 11. O-O Be7 12. f4 e4 13. c4 O-O 14. Rc1 Rd8
15. Qc2 Bc5 16. Bxc5 Qxc5+ 17. Kh1 Bf5 18. Qc3 e3 19. Rf3 Re8 20. Rd1 Be4 21.
Rg3 g6 22. Kg1 Qf5 23. Rxe3 Qxf4 24. Bf3 Bxf3 25. Rxf3 Qc7 26. Rdf1 Re7 27. b3
Rae8 28. h3 Qc5+ 29. Kh1 Re3 30. Qf6 Rxf3 31. Qxf3 Re7 32. Rd1 Qc7 33. Qd5 Kg7
34. Qd4+ f6 35. c5 Qe5 36. b4 Qxd4 37. Rxd4 Kf7 38. Kg1 Ke8 39. Kf2 Rd7 40. Ke3
Rc7 41. Rd6 Ke7 42. Rb6 h5 43. a3 Kf7 44. Ke4 Ke7 45. a4 Kf7 46. Kd5 Rd7+ 47.
Rd6 Ke7 48. Rxd7+ Kxd7 49. b5 a5 50. h4 g5 51. hxg5 fxg5 52. Ke5 g4 53. Kf5 g3
54. Kg5 Ke6 55. Kxh5 Kd5 56. c6 bxc6 57. b6 Kd6 58. Kg4 c5 59. Kxg3 Kc6 60. Kf4
1-0

[Event "CZECH OPEN 2011 "]
[Site "Pardubice (CZE)"]
[Date "2011.07.28"]
[Round "7.83"]
[White "Goryachkina, Aleksandra"]
[Black "Wiley, Tom E"]
[Result "1-0"]
[WhiteElo "2153"]
[BlackElo "2306"]
[PlyCount "89"]
[EventDate "2011.07.22"]

1. d4 f5 2. Nf3 Nf6 3. g3 g6 4. Bg2 Bg7 5. O-O O-O 6. b3 d6 7. Bb2 Qe8 8. Nbd2
Nc6 9. Ne1 e5 10. dxe5 dxe5 11. e4 f4 12. Nd3 Nd7 13. Nf3 h6 14. Bh3 Rf7 15.
Qd2 Nf8 16. Bxc8 Rxc8 17. b4 a6 18. a4 Nd7 19. b5 axb5 20. axb5 Nd8 21. Kg2 g5
22. h3 Bf6 23. g4 Rh7 24. Ng1 h5 25. f3 Nb6 26. Qb4 Nf7 27. Qb3 Kg7 28. Ba3
hxg4 29. fxg4 Nd6 30. Rfe1 Nbc4 31. Bc5 b6 32. Bxd6 Nxd6 33. Rab1 c6 34. bxc6
Rxc6 35. Nb4 Rc5 36. Nd3 Rb5 37. Qa4 Rh8 38. Rxb5 Nxb5 39. Rb1 Nc3 40. Qa7+ Kg6
41. Rxb6 Nxe4 42. Nf3 Rf8 43. Ndxe5+ Kh6 44. Qd7 Qc8 45. Rc6 1-0

[Event "CZECH OPEN 2011 "]
[Site "Pardubice (CZE)"]
[Date "2011.07.28"]
[Round "7.85"]
[White "Miller, Eduard"]
[Black "Bystrov, Sergej"]
[Result "0-1"]
[WhiteElo "2088"]
[BlackElo "2300"]
[PlyCount "82"]
[EventDate "2011.07.22"]

1. d4 d6 2. Nf3 f5 3. g3 Nf6 4. Bg2 c6 5. O-O Qc7 6. b3 g6 7. Bb2 Bg7 8. c4 O-O
9. Nc3 e5 10. dxe5 dxe5 11. e4 fxe4 12. Ng5 Bg4 13. Qe1 Qe7 14. Ngxe4 Na6 15.
Qc1 Nb4 16. Ba3 a5 17. Qe3 Qc7 18. Bxb4 axb4 19. Na4 Nxe4 20. Bxe4 Rfe8 21. c5
Rad8 22. f3 Bh3 23. Rfd1 Rxd1+ 24. Rxd1 Rd8 25. Rxd8+ Qxd8 26. Qd3 Qxd3 27.
Bxd3 e4 28. Bc4+ Kf8 29. Kf2 Bd4+ 30. Ke2 exf3+ 31. Kxf3 Bf5 32. Ke2 Ke7 33.
Bd3 Bg4+ 34. Kd2 Bg1 35. Be2 Be6 36. g4 Bxh2 37. Nb2 Bf4+ 38. Kd3 Kf6 39. Nc4
Bc7 40. Ke4 Kg5 41. Nd6 Bxg4 0-1

[Event "CZECH OPEN 2011 "]
[Site "Pardubice (CZE)"]
[Date "2011.07.28"]
[Round "7.86"]
[White "Adamek, Jiri"]
[Black "Saiyn, Zhanat"]
[Result "1/2-1/2"]
[WhiteElo "2289"]
[BlackElo "2077"]
[PlyCount "117"]
[EventDate "2011.07.22"]

1. d4 d5 2. c4 c6 3. Nf3 Nf6 4. Nc3 e6 5. cxd5 exd5 6. Qc2 Be7 7. Bg5 Nbd7 8.
e3 O-O 9. Bd3 Re8 10. O-O h6 11. Bh4 Ne4 12. Bxe7 Qxe7 13. Rab1 a5 14. a3 Nd6
15. Rfc1 g5 16. Re1 g4 17. Nd2 Nf6 18. Na4 Nfe4 19. Nxe4 dxe4 20. Bf1 Be6 21.
Nc3 h5 22. Ne2 h4 23. Nf4 Qg5 24. Rbc1 a4 25. Qc5 Nf5 26. Bc4 Bxc4 27. Rxc4 g3
28. fxg3 hxg3 29. h3 b6 30. Qb4 Nxe3 31. Rxe3 Qxf4 32. Qe1 Re6 33. Qxg3+ Qxg3
34. Rxg3+ Kf8 35. Rgc3 Rd8 36. Rxc6 Rxd4 37. Rxe6 fxe6 38. Rc2 Kf7 39. Kf2 Kf6
40. Ke2 Ke5 41. Rc3 Rd5 42. Rc4 b5 43. Rc3 Kf4 44. h4 Kg4 45. Rh3 Kh5 46. Rh2
Rd3 47. Rh3 Rxh3 48. gxh3 Kxh4 49. Ke3 Kxh3 50. Kxe4 Kg4 51. Ke5 Kf3 52. Kxe6
Ke4 53. Kd6 Kd4 54. Kc6 Kc4 55. Kb6 b4 56. axb4 Kxb4 57. Ka6 Kb3 58. Ka5 Kxb2
59. Kxa4 1/2-1/2

[Event "CZECH OPEN 2011 "]
[Site "Pardubice (CZE)"]
[Date "2011.07.28"]
[Round "7.93"]
[White "Freisler, Pavel"]
[Black "Sazonova, Elena N"]
[Result "1-0"]
[WhiteElo "2351"]
[BlackElo "2131"]
[PlyCount "71"]
[EventDate "2011.07.22"]

1. Nf3 Nf6 2. c4 g6 3. Nc3 d5 4. cxd5 Nxd5 5. d4 Bg7 6. g3 O-O 7. Bg2 Nb6 8.
O-O Nc6 9. e3 e5 10. d5 Na5 11. e4 c6 12. Bg5 f6 13. Be3 cxd5 14. Bxb6 Qxb6 15.
Nxd5 Qd8 16. Rc1 Rf7 17. b4 Nc6 18. b5 Na5 19. Nc7 Qxd1 20. Rfxd1 Rb8 21. Rd8+
Rf8 22. Ne8 Bd7 23. Rxb8 Bxe8 24. Ra8 Bxb5 25. Rxa7 b6 26. Rcc7 Bh8 27. Bh3 Re8
28. Bd7 Bxd7 29. Rxd7 Nc6 30. Rac7 Nd4 31. Nxd4 exd4 32. Rxd4 f5 33. Rdd7 fxe4
34. Rxh7 Bd4 35. Rhe7 Rf8 36. Rc2 1-0

[Event "CZECH OPEN 2011 "]
[Site "Pardubice (CZE)"]
[Date "2011.07.28"]
[Round "7.94"]
[White "Goikhman, Valentin"]
[Black "Kulovana, Eva"]
[Result "1/2-1/2"]
[WhiteElo "2256"]
[BlackElo "2330"]
[PlyCount "65"]
[EventDate "2011.07.22"]

1. d4 d5 2. c4 c6 3. Nf3 Nf6 4. Nc3 a6 5. Ne5 dxc4 6. Nxc4 b5 7. Ne5 Bb7 8. Bf4
Nbd7 9. f3 e6 10. e4 c5 11. Nxd7 Qxd7 12. dxc5 Bxc5 13. Qxd7+ Nxd7 14. O-O-O
Rc8 15. Kb1 e5 16. Bg3 f6 17. Bd3 Nb6 18. Rhf1 O-O 19. Bf2 Bxf2 20. Rxf2 Rfd8
21. Rfd2 Kf8 22. Ne2 Rd6 23. Nc1 Ke7 24. Be2 Rxd2 25. Rxd2 Na4 26. Nb3 Nc5 27.
Nxc5 Rxc5 28. Rc2 Kd6 29. b4 Rxc2 30. Kxc2 Bc8 31. Kd2 Be6 32. a3 Kc6 33. Ke3
1/2-1/2

[Event "CZECH OPEN 2011 "]
[Site "Pardubice (CZE)"]
[Date "2011.07.28"]
[Round "7.96"]
[White "Palecek, Peter"]
[Black "Krensing, Jan"]
[Result "1/2-1/2"]
[WhiteElo "2230"]
[BlackElo "2315"]
[PlyCount "74"]
[EventDate "2011.07.22"]

1. Nf3 c5 2. e4 Nc6 3. d4 cxd4 4. Nxd4 g6 5. Nc3 Bg7 6. Be3 Nf6 7. Bc4 Qa5 8.
O-O O-O 9. Bb3 d6 10. h3 Bd7 11. Re1 Rac8 12. Nd5 Rfe8 13. Nxc6 bxc6 14. Nxf6+
Bxf6 15. Bd4 Bxd4 16. Qxd4 c5 17. Qd3 Bb5 18. c4 Bc6 19. Bc2 Rb8 20. b3 Qa3 21.
h4 Qb2 22. h5 Qe5 23. hxg6 hxg6 24. Qe3 g5 25. g3 f6 26. Rac1 Kf7 27. Kf1 Rh8
28. Ke2 Rh2 29. Rh1 Rbh8 30. Rxh2 Rxh2 31. Rb1 Qe6 32. Re1 Qh3 33. Rg1 Qg4+ 34.
Ke1 Qe6 35. Ke2 Qe5 36. Rb1 Bd7 37. Kd2 Bc6 1/2-1/2

[Event "CZECH OPEN 2011 "]
[Site "Pardubice (CZE)"]
[Date "2011.07.28"]
[Round "7.81"]
[White "Heidrich, Manfred"]
[Black "Klek, Hanna-Marie"]
[Result "1/2-1/2"]
[WhiteElo "2312"]
[BlackElo "2134"]
[PlyCount "100"]
[EventDate "2011.07.22"]

1. f4 d5 2. Nf3 Nf6 3. g3 g6 4. Bg2 Bg7 5. d3 c5 6. O-O O-O 7. Nc3 d4 8. Ne4
Qa5 9. Nxf6+ Bxf6 10. e4 dxe3 11. c3 Rd8 12. Qe2 Bf5 13. Rd1 Qa6 14. Bf1 Nc6
15. Bxe3 b6 16. Rd2 Rd6 17. Qd1 Qc8 18. d4 cxd4 19. Nxd4 Bg4 20. Be2 Nxd4 21.
Bxd4 Bxe2 22. Qxe2 Bxd4+ 23. Rxd4 Rxd4 24. cxd4 Qd7 25. Qe4 Rc8 26. d5 Qd6 27.
Re1 Qc5+ 28. Kg2 Qc2+ 29. Qxc2 Rxc2+ 30. Kf3 Kf8 31. Re2 Rc5 32. Ke4 Ke8 33.
Re3 Kd7 34. Rc3 Kd6 35. Rxc5 bxc5 36. g4 h5 37. gxh5 gxh5 38. h4 a5 39. a4 f5+
40. Kxf5 Kxd5 41. Kg5 Ke4 42. Kxh5 Kxf4 43. Kg6 e5 44. h5 e4 45. h6 e3 46. h7
e2 47. h8=Q e1=Q 48. Qf8+ Kg3 49. Qd6+ Kf3 50. Qxc5 Qe8+ 1/2-1/2

[Event "CZECH OPEN 2011 "]
[Site "Pardubice (CZE)"]
[Date "2011.07.28"]
[Round "7.89"]
[White "Kulagin, Maxim"]
[Black "Sarkozy, Ladislav"]
[Result "1-0"]
[WhiteElo "2263"]
[BlackElo "2364"]
[PlyCount "34"]
[EventDate "2011.07.22"]

1. e4 c5 2. a3 Nc6 3. b4 cxb4 4. axb4 Nxb4 5. d4 d5 6. c3 Nc6 7. exd5 Qxd5 8.
Na3 e5 9. Nb5 Bd6 10. Bc4 Qe4+ 11. Ne2 Bb8 12. O-O exd4 13. Nexd4 Nge7 14. Re1
Qh4 15. g3 Qf6 16. Nxc6 bxc6 17. Qb3 O-O 1-0